2. Weltkrieg Multiple Choice - Statistiken

Allgemein
  • Dieses Quiz wurde 647 mal gespielt
  • Das Durchschnittsergebnis liegt bei 9 aus 10
Antwortstatistiken
Frage Antwort % Korrekt
Wie hieß der Führer des nationalsozialistischen Deutschlands? Adolf Hitler
99%
Was war die Bedeutung des „Blitzkriegs“? Eine sehr schnelle und aggressive Kriegführung
99%
Welches Land griff 1939 Polen an, was den Beginn des Zweiten Weltkriegs auslöste? Deutschland
98%
Welches Konzentrationslager war das größte des nationalsozialistischen Deutschlands? Auschwitz
94%
Wann begann der zweite Weltkrieg? 1939
93%
Welche Alliierten Nationen waren die Hauptakteure im Zweiten Weltkrieg? USA, Großbritannien, Frankreich, Sowjetunion
93%
Was war der Name des größten deutschen Schlachtschiffs im Zweiten Weltkrieg? Bismarck
82%
Wo wurde die erste Atombombe der USA abgeworfen? Hiroshima
82%
Wie hieß der US-Präsident, der während des größten Teils des Zweiten Weltkriegs im Amt war? Franklin D. Roosevelt
64%
Welche Schlacht war die größte Marine-Schlacht des Zweiten Weltkriegs und fand zwischen den USA und Japan statt? Schlacht um Midway
63%
Keine übereinstimmenden Quizze gefunden
Verteilung der Resultate
Anzahl Personen mit jedem Resultat
Perzentil nach korrekt beantworteten Fragen
Ihre Resultats-Entwicklung
Sie haben dieses Quiz noch nicht gespielt